[Event "inAUTOmarket Open"]
[Site "Minsk BLR"]
[Date "2005.07.17"]
[Round "8"]
[White "Danielian,E"]
[Black "Podolchenko,E"]
[Result "1-0"]
[WhiteElo "2433"]
[BlackElo "2265"]

1.Nf3 Nf6 2.g3 b6 3.Bg2 Bb7 4.O-O e6 5.c4 c5 6.Nc3 a6 7.b3 d6 8.Bb2 Be7 9.d4 cxd4
10.Nxd4 Bxg2 11.Kxg2 Qc8 12.e3 Nc6 13.Nxc6 Qxc6+ 14.Qf3 Rc8 15.Rfd1 O-O 16.Rd2 Qc5
17.Rc1 Rb8 18.Ne2 Rfc8 19.h3 Nd7 20.g4 Ne5 21.Qe4 Ng6 22.Nd4 Qc7 23.Nf3 Qd7
24.g5 Bf8 25.h4 Ne7 26.Ne5 Qc7 27.Ng4 Nf5 28.h5 Qe7 29.f4 b5 30.h6 bxc4 31.hxg7 Bxg7
32.Bxg7 Kxg7 33.bxc4 h5 34.Nf6 h4 35.Kh3 Qa7 36.Ng4 Qc5 37.Qd3 d5 38.Qc3+ Kf8
39.Qh8+ Ke7 40.Qf6+ Ke8 41.g6 Qe7 42.Qh8+ Qf8 43.gxf7+ Kxf7 44.Qf6+  1-0

[Event "Open"]
[Site "Ghent BEL"]
[Date "2005.07.18"]
[Round "6"]
[White "Sowray,P"]
[Black "Vanparys,P"]
[Result "1-0"]
[WhiteElo "2364"]
[BlackElo "2205"]

1.Nf3 Nf6 2.c4 e6 3.g3 b6 4.Bg2 Bb7 5.O-O c5 6.Nc3 Be7 7.d4 cxd4 8.Qxd4 d6
9.Rd1 Nc6 10.Qf4 Qd7 11.e4 O-O 12.e5 Ne8 13.b3 a6 14.Ba3 Rd8 15.exd6 Bxd6
16.Bxd6 Nxd6 17.Ne4 e5 18.Nxe5 Nxe5 19.Rxd6 Qc7 20.Qxe5 Bxe4 21.Rad1 Bc2
22.R1d5 Rde8 23.Qc3 Be4 24.Bxe4 Rxe4 25.Qf3 Re7 26.Rd1 Rfe8 27.Kg2 h6 28.R1d2 Qb7
29.Rd8 Qc7 30.Qa8 Kf8 31.Rxe8+ Rxe8 32.Qxa6 Qc6+ 33.Rd5 Qe6 34.Qa3+ Kg8 35.Qb2 Qe4+
36.f3 Qe1 37.Rd2 h5 38.h4 g5 39.hxg5 h4 40.gxh4 Qxh4 41.Qf6 Qe1 42.Rf2 Re6
43.Qd8+ Kg7 44.Qd2  1-0

[Event "Open A"]
[Site "Pardubice CZE"]
[Date "2005.07.25"]
[Round "4"]
[White "Balenovic,Z"]
[Black "Aleshin,O"]
[Result "0-1"]
[WhiteElo "2256"]
[BlackElo "2425"]

1.Nf3 Nf6 2.g3 b6 3.Bg2 Bb7 4.O-O e6 5.c4 c5 6.Nc3 Be7 7.b3 O-O 8.Bb2 d6
9.d4 cxd4 10.Qxd4 a6 11.Rfd1 Nbd7 12.Ne1 Bxg2 13.Nxg2 Qc7 14.Ne3 Qb7 15.Rac1 b5
16.Ng4 bxc4 17.Nxf6+ Bxf6 18.Qxc4 d5 19.Qd3 Ne5 20.Qb1 Rfd8 21.Na4 Qb5 22.Bxe5 Bxe5
23.Qd3 g6 24.e3 Rdc8 25.Qd2 h5 26.h4 Kg7 27.Kg2 Bf6 28.Rc2 Rxc2 29.Qxc2 Rd8
30.Kg1 Qb4 31.Nc5 Rd6 32.Nd3 Qg4 33.Nf4 Bxh4 34.Rd4 Bf6 35.Ra4 d4 36.exd4 Rxd4
37.Rxd4 Bxd4 38.Kg2 e5 39.Ne2 Bb6 40.Nc3 Qd4 41.Ne4 f5 42.Ng5 Qd5+ 43.Kh2 Bd8
44.Nh3 Qd6 45.Ng1 h4 46.Nf3 hxg3+ 47.fxg3 e4 48.Ng1 Bf6 49.Ne2 Be5 50.Qc4 Qd3
51.Kg2 Qf3+ 52.Kh2 Qf2+ 53.Kh1 Kh6 54.Qxa6 Bxg3 55.Nxg3 Qxg3 56.Qa8 e3 57.Qh8+ Kg5
58.Qd8+ Kg4 59.Qd4+ Qf4 60.Qxf4+ Kxf4 61.Kg2 Ke4 62.Kf1 Kd3 63.Ke1 f4 64.a4 f3
65.a5 f2+ 66.Kf1 Kd2  0-1

[Event "Open"]
[Site "Nice FRA"]
[Date "2005.08.02"]
[Round "2"]
[White "Leer Salvesen,B"]
[Black "Mohorea,V"]
[Result "1-0"]
[WhiteElo "2374"]
[BlackElo "2157"]

1.c4 e6 2.g3 c5 3.Nf3 b6 4.Bg2 Bb7 5.O-O Nf6 6.Nc3 Be7 7.b3 d5 8.cxd5 exd5
9.d4 O-O 10.Bb2 Nc6 11.Rc1 Re8 12.dxc5 bxc5 13.Na4 Nb4 14.Nxc5 Bxc5 15.Rxc5 Nxa2
16.Nd4 Rc8 17.Rxc8 Qxc8 18.Qd2 Qc5 19.Nf5 Re6 20.Bd4  1-0

[Event "Open Dutch Championship"]
[Site "Dieren NED"]
[Date "2005.08.03"]
[Round "8"]
[White "Novikov,St"]
[Black "Turov,M"]
[Result "1/2-1/2"]
[WhiteElo "2534"]
[BlackElo "2527"]

1.Nf3 Nf6 2.c4 e6 3.g3 b6 4.Bg2 Bb7 5.O-O c5 6.b3 Be7 7.Bb2 O-O 8.Nc3 d5
9.e3 Nbd7 10.Qe2 Ne4 11.cxd5 Nxc3 12.dxc3 Bxd5 13.c4 Bc6 14.e4 Qc7 15.Nd2 Rfd8
16.f4 f6 17.Rad1 Nf8 18.f5 Bd6 19.Nf3 exf5 20.exf5 Re8 21.Qf2 Rad8 22.Rfe1 Rxe1+
23.Rxe1 Re8 24.Rxe8 Bxe8 25.Qe3 Qe7 26.Qxe7 Bxe7 27.Nd2 Nd7 28.Bc6 Kf8 29.Ne4 Bd8
30.Nd6 Bc7 31.Nxe8 Kxe8 32.Kg2 Ke7 33.Bxd7 Kxd7 34.Kf3 Bd6 35.Bc3 Be7 36.Ke4 Kc6
37.g4 Bd6 38.h3 h6 39.Kf3 Kd7 40.Ke4 Kc6 41.Kf3 Kd7 42.h4 Be7 43.Ke4 Kc6
44.a3 a5 45.Bb2 Kd6 46.Ba1 Kc6 47.Bc3 Bd8 48.g5 h5 49.gxf6 gxf6 50.Kd3 Be7
51.Bb2 Bd8 52.Ba1 Be7 53.Bc3 Kd7 54.Ke4  1/2-1/2

[Event "Petrovskaya Ladya IM"]
[Site "Peterhof RUS"]
[Date "2005.08.10"]
[Round "12"]
[White "Zhidkov,V"]
[Black "Gerasimov,Y"]
[Result "1/2-1/2"]
[WhiteElo "2410"]
[BlackElo "2298"]

1.Nf3 Nf6 2.c4 c5 3.g3 b6 4.Bg2 Bb7 5.O-O e6 6.Nc3 Be7 7.d4 cxd4 8.Qxd4 O-O
9.b3 d6 10.Ba3 d5 11.Bxe7 Qxe7 12.cxd5 Nxd5 13.Nxd5 Bxd5 14.Rfd1 Nc6 15.Qf4 Nb4
16.Nd4  1/2-1/2

[Event "Stork YM"]
[Site "Hengelo NED"]
[Date "2005.08.11"]
[Round "7"]
[White "Koster,R"]
[Black "Michiels,B"]
[Result "1-0"]
[WhiteElo "2335"]
[BlackElo "2457"]

1.Nf3 c5 2.g3 b6 3.Bg2 Bb7 4.c4 Nf6 5.O-O e6 6.Nc3 Be7 7.d4 cxd4 8.Qxd4 d6
9.b3 a6 10.Ba3 Nc6 11.Qf4 Qc7 12.Rac1 Ne5 13.Ng5 Bxg2 14.Kxg2 O-O 15.Rfd1 Rfd8
16.Kg1 Ng6 17.Qd4 Qb7 18.Bb4 b5 19.Ba5 Rd7 20.b4 Ne5 21.cxb5 axb5 22.a4 Nc6
23.Qd2 Nxa5 24.bxa5 b4 25.Nb5 d5 26.Rc2 Rxa5 27.Rdc1 Rxa4 28.Rc8+ Bf8 29.Qd3 Ra5
30.Nd6 Rxd6 31.R1c7 Qa6 32.Qc2 g6 33.Rxf7 Nd7 34.Rxh7 e5 35.Qc7 Qxc8 36.Qxc8 Ra7
37.Qe8 Nf6 38.Rh8+  1-0

[Event "HZ Open"]
[Site "Vlissingen NED"]
[Date "2005.08.11"]
[Round "6"]
[White "Verduyn,F"]
[Black "Rahal,M"]
[Result "1/2-1/2"]
[WhiteElo "2288"]
[BlackElo "2415"]

1.Nf3 Nf6 2.c4 b6 3.g3 Bb7 4.Bg2 c5 5.O-O e6 6.Nc3 Be7 7.Re1 O-O 8.e4 d6
9.d4 cxd4 10.Nxd4 Qc8 11.Be3 a6 12.Rc1 Nbd7 13.f4 Qc7 14.g4 Nc5 15.Bf2 g6
16.b4 Ncd7 17.Nd5 exd5 18.cxd5 Qd8 19.Nc6 Bxc6  1/2-1/2

[Event "HZ Open"]
[Site "Vlissingen NED"]
[Date "2005.08.13"]
[Round "8"]
[White "Jansen,C"]
[Black "Michiels,R"]
[Result "0-1"]
[WhiteElo "2261"]
[BlackElo "2264"]

1.Nf3 Nf6 2.g3 b6 3.Bg2 Bb7 4.O-O e6 5.c4 c5 6.Nc3 Be7 7.Re1 d5 8.cxd5 Nxd5
9.Nxd5 Qxd5 10.Qa4+ Qd7 11.Qxd7+ Nxd7 12.d4 Bf6 13.Be3 Rc8 14.Rac1 c4 15.Nd2 Bxg2
16.Kxg2 b5 17.a4 a6 18.b3 c3 19.Ne4 b4 20.Nd6+ Ke7 21.Nxc8+ Rxc8 22.Rc2 Nb8
23.Rd1 Nc6 24.d5 Na5 25.Bb6 Nxb3 26.Rb1 Na1 27.Ra2 c2 28.d6+ Kxd6 29.Rc1 b3  0-1

[Event "Masters"]
[Site "Abu Dhabi UAE"]
[Date "2005.08.14"]
[Round "1"]
[White "Jasim,A"]
[Black "Anastasian,A"]
[Result "0-1"]
[WhiteElo "2318"]
[BlackElo "2595"]

1.Nf3 c5 2.c4 Nf6 3.g3 b6 4.Bg2 Bb7 5.O-O e6 6.Nc3 Be7 7.b3 O-O 8.Bb2 d6
9.e3 a6 10.d4 cxd4 11.Nxd4 Ra7 12.f4 Bxg2 13.Kxg2 Qc8 14.Qf3 Rc7 15.g4 Nc6
16.Nxc6 Rxc6 17.g5 Nd7 18.Qh5 f5 19.Ne2 g6 20.Qf3 Nc5 21.Rfd1 Rf7 22.h4 Bf8
23.Ng3 Bg7 24.Bxg7 Rxg7 25.Rd2 b5 26.cxb5 axb5 27.Rad1 d5 28.Rc2 Ne4 29.Rxc6 Qxc6
30.Nxe4 fxe4 31.Qe2 Rc7 32.Kg3 b4 33.h5 gxh5 34.Qxh5 Rf7 35.Qe2 e5 36.Qd2 exf4+
37.exf4 Qd6 38.Qe3 Qe6 39.Qd4 h5 40.Qxd5 Qg4+ 41.Kh2 Qxf4+ 42.Kg2 Kh7 43.g6+ Kxg6
44.Qd6+ Qxd6 45.Rxd6+ Kf5 46.Rb6 Rg7+ 47.Kf2 h4 48.Rxb4 Kf4 49.Rb8 e3+ 50.Kf1 h3
51.Rf8+ Kg3 52.Ke2 h2 53.Rh8 Rg4 54.Rxh2 Kxh2 55.Kxe3 Kg3 56.a3 Kh4 57.a4 Kg5
58.a5 Kf5 59.a6 Ke5  0-1

[Event "14th Open"]
[Site "Kavala GRE"]
[Date "2005.08.15"]
[Round "5"]
[White "Banikas,H"]
[Black "Aroshidze,L"]
[Result "1/2-1/2"]
[WhiteElo "2548"]
[BlackElo "2463"]

1.Nf3 c5 2.c4 Nf6 3.g3 b6 4.Bg2 Bb7 5.O-O e6 6.Nc3 d6 7.Re1 a6 8.e4 Be7 9.d4 cxd4
10.Nxd4 Qc7 11.Be3 O-O 12.Rc1 Nbd7 13.f4 h5 14.h3 Rfe8 15.Bf2 Bf8 16.Nd5 exd5
17.cxd5 Qd8 18.Nc6 Bxc6 19.dxc6 Nc5 20.c7 Qxc7 21.b4 Rab8 22.bxc5 bxc5 23.Bd4 Nd7
24.Qxh5 Qa5 25.Qd5 Nb6 26.Qg5 Qxa2 27.Ba1 Qe6 28.Rcd1 Qe7 29.Qxe7 Bxe7 30.e5 dxe5
31.Bxe5 Rbd8 32.Bc7 Rxd1 33.Rxd1 Nc4 34.Bc6 Rc8 35.Rd7 Bd6 36.Rd8+ Rxd8 37.Bxd8 Na3
38.Bb7 c4 39.Ba5  1/2-1/2

[Event "Masters"]
[Site "Abu Dhabi UAE"]
[Date "2005.08.16"]
[Round "3"]
[White "Ibrahimov,R"]
[Black "Amanov,M"]
[Result "1-0"]
[WhiteElo "2525"]
[BlackElo "2277"]

1.Nf3 Nf6 2.c4 b6 3.g3 Bb7 4.Bg2 e6 5.O-O c5 6.Nc3 Be7 7.d4 cxd4 8.Qxd4 Nc6
9.Qf4 O-O 10.Rd1 d6 11.b3 Qc8 12.Bb2 Rd8 13.Rac1 Bf8 14.Nd5 Nd7 15.Qh4 Qb8
16.Ng5 h6 17.Nxf7 Kxf7 18.Qh5+ g6 19.Qf3+ Ke8 20.Qg4 Nc5 21.Qxg6+ Kd7 22.Qf7+ Ne7
23.Bh3 Re8 24.b4  1-0

[Event "Ada Open"]
[Site "Belgrade SCG"]
[Date "2005.08.18"]
[Round "4"]
[White "Ruzicic,S"]
[Black "Mirkovic,St"]
[Result "1/2-1/2"]
[WhiteElo "2049"]
[BlackElo "2114"]

1.Nf3 Nf6 2.g3 b6 3.Bg2 Bb7 4.O-O e6 5.c4 c5 6.Nc3 d6 7.e3 Nbd7 8.d4 cxd4
9.exd4 Rc8 10.d5 e5 11.b3 Be7 12.Ba3 a6 13.Rc1 O-O 14.Qe2 Ra8 15.Rfd1 b5
16.c5 dxc5 17.d6 b4 18.Bb2 bxc3 19.Bxc3 Bxd6 20.Rxd6 Ne4 21.Ba5 Qxa5 22.Rxd7 Bc6
23.Rxf7 Rxf7 24.Nxe5 Re8 25.Bxe4 Rxe5 26.Bxh7+ Kxh7 27.Qxe5 Qd2 28.Qxc5 Bf3
29.h3 Qd7 30.Kh2 Qe6 31.Rc4 Rf5 32.Rh4+ Kg8 33.Qc2 Bc6 34.Rc4 Bb7 35.Rh4 Qf6  1/2-1/2

[Event "Ada Open"]
[Site "Belgrade SCG"]
[Date "2005.08.21"]
[Round "7"]
[White "Trisic,D"]
[Black "Vrbljanac,T"]
[Result "1-0"]
[WhiteElo "2084"]
[BlackElo "2195"]

1.Nf3 c5 2.c4 Nf6 3.g3 b6 4.Bg2 Bb7 5.O-O e6 6.b3 Be7 7.e3 O-O 8.Bb2 d6 9.Nc3 a6
10.d4 cxd4 11.Nxd4 Bxg2 12.Kxg2 Ra7 13.e4 Rd7 14.Qe2 Qc7 15.Rad1 Qb7 16.Kg1 Rc8
17.f4 Nc6 18.Nf3 Rdc7 19.h3 Nd8 20.Rd3 b5 21.cxb5 axb5 22.e5 Ne8 23.exd6 Nxd6
24.Rfd1 b4 25.Na4 Ne4 26.Nd2 Nf6 27.Nc4 Nd5 28.Be5 Rd7 29.Bd4 Nc6 30.Bf2 Rcd8
31.Ncb6 Nxb6 32.Nxb6 Rxd3 33.Rxd3 h6 34.Qd2 Rxd3 35.Qxd3 Na7 36.f5 Qc6 37.fxe6 fxe6
38.Nd7 Nb5 39.Ne5 Qd5 40.Qxd5 exd5 41.Nc6 Bd6 42.Be1 Nc3 43.a4 d4 44.a5 Bc5
45.a6 d3+ 46.Kf1 Ne4 47.Bxb4 d2 48.Ke2 Bxb4 49.Nxb4  1-0

[Event "ch-AUT Qualifier"]
[Site "Gmunden AUT"]
[Date "2005.08.21"]
[Round "9"]
[White "Baumgartner,H"]
[Black "Wukits,R"]
[Result "1-0"]
[WhiteElo "2306"]
[BlackElo "2310"]

1.Nf3 c5 2.g3 b6 3.Bg2 Bb7 4.O-O Nf6 5.c4 e6 6.Nc3 a6 7.d4 cxd4 8.Qxd4 d6
9.b3 Nbd7 10.Bb2 Be7 11.Rad1 O-O 12.Ne1 Qc7 13.Nc2 Rfd8 14.Ne3 Bf8 15.Ng4 Bxg2
16.Kxg2 Qb7+ 17.f3 Nxg4 18.Qxg4 Nf6 19.Qd4 b5 20.e4 Rdc8 21.cxb5 axb5 22.a3 d5
23.exd5 exd5 24.Nxd5 Nxd5 25.Qxd5 Qb6 26.b4 Rc2+ 27.Rd2 Rac8 28.Rff2 Rxd2
29.Rxd2 Re8 30.Qd4 Qh6 31.Qd3 Qg5 32.h4 Qh6 33.Rc2 Rb8 34.Be5 Ra8 35.Rc7 Qe6
36.Bb2 Re8 37.Rc2 Qb6 38.Qd4 Qe6 39.Qc3 Qg6 40.Rd2 Re1 41.Qc2 Qe6 42.Bd4 Qa6
43.Bc5 Re8 44.Qd3 h5 45.Rc2 g6 46.Bxf8 Rxf8 47.Rc5 Ra8 48.Rxb5 Qxa3 49.Qxa3 Rxa3
50.Kf2 Rb3 51.Rb7 Kg7 52.Ke2 Kf6 53.b5 Ke6 54.b6 Kf6 55.Rb8 Kf5 56.b7 Kf6
57.Kd2 Kg7 58.Kc2 Rb4 59.Kc3 Rb1 60.g4 hxg4 61.fxg4 Rc1+ 62.Kb2  1-0

[Event "13th Open"]
[Site "Nikaia GRE"]
[Date "2005.08.29"]
[Round "8"]
[White "Nikolaou,G"]
[Black "Kakkanas,E"]
[Result "1-0"]
[WhiteElo "2288"]
[BlackElo "2085"]

1.Nf3 Nf6 2.g3 b6 3.Bg2 Bb7 4.O-O e6 5.c4 c5 6.b3 Be7 7.Bb2 O-O 8.d3 d6 9.Nc3 Nbd7
10.e4 a6 11.h3 Qc7 12.Re1 Rad8 13.Qc2 Rfe8 14.a3 Bc6 15.b4 b5 16.bxc5 dxc5
17.e5 Nh5 18.Ne4 Bxe4 19.Rxe4 g6 20.a4 b4 21.a5 Nb8 22.Nd2 Rd7 23.Re3 Ng7
24.g4 Bg5 25.Ne4 Bxe3 26.Nf6+ Kh8 27.fxe3 Red8 28.Be4 Re7 29.Qf2 Nd7 30.Nxh7 Kxh7
31.Qh4+ Kg8 32.Qxe7 Re8 33.Qg5 Nb8 34.h4 Qe7 35.Qh6 Nd7 36.Rf1 Nf8 37.Kg2 Qd8
38.Ra1 Re7 39.Kf3 Rd7 40.Ke2 Nh7 41.Qf4 Nf8 42.h5 g5 43.Qf6 Qxf6 44.exf6 Ne8
45.Bc6 Rd8 46.e4 Nd7 47.e5 Nb8 48.Be4 Nc7 49.h6 Nd7 50.Rh1 Nf8 51.h7+ Kh8
52.Rh6 Rb8 53.Kd2 b3 54.Kc3 Nd7 55.Rh5 Nxe5 56.Rxg5 Nd7 57.Bc6 Nxf6 58.Kd2 Kxh7
59.Bxf6 b2 60.Be4+  1-0

[Event "Premiership International"]
[Site "Coulsdon ENG"]
[Date "2005.08.31"]
[Round "4"]
[White "Osborne,M"]
[Black "Cox,JJ"]
[Result "0-1"]
[WhiteElo "2202"]
[BlackElo "2385"]

1.Nf3 Nf6 2.c4 c5 3.g3 b6 4.Bg2 Bb7 5.O-O e6 6.Nc3 a6 7.d4 cxd4 8.Qxd4 d6
9.b3 Nbd7 10.Ng5 Bxg2 11.Kxg2 Rc8 12.Nge4 Rc6 13.Ba3 Nc5 14.Bxc5 bxc5 15.Nxf6+ gxf6
16.Qe4 Rc7 17.Nd5 Ra7 18.Qe3 h5 19.b4 Bh6 20.Nf4 Qa8+ 21.f3 cxb4 22.Qb6 Bxf4
23.gxf4 Ke7 24.c5 Rd8 25.cxd6+ Rxd6 26.Qxb4 Rd7 27.Rfd1 Qc6 28.Rac1 Qb6 29.Qa3 Kf8
30.Rb1 Qc6 31.Rbc1 Qb6 32.Rb1 Qc6 33.Rdc1 Qd5 34.Rb8+ Kg7 35.Rcc8 f5 36.e3 Qd2+
37.Kh3 Rd8 38.Rxd8 Rxd8 39.Rxd8 Qxd8 40.Qxa6 Qd1 41.Qb7 Qf1+ 42.Kg3 h4+ 43.Kxh4 Qg2
44.h3  0-1

[Event "Premiership International"]
[Site "Coulsdon ENG"]
[Date "2005.09.01"]
[Round "7"]
[White "Snape,I"]
[Black "Sowray,P"]
[Result "1/2-1/2"]
[WhiteElo "2267"]
[BlackElo "2364"]

1.c4 Nf6 2.Nf3 e6 3.g3 b6 4.Bg2 Bb7 5.O-O c5 6.Nc3 d6 7.Re1 Be7 8.e4 a6 9.d4 cxd4
10.Nxd4 Qc7 11.Be3 O-O 12.Rc1 Re8 13.f4 Bf8 14.Bf2 g6 15.h3 Bg7 16.g4 Nbd7
17.Nde2 Rac8 18.Ng3 h6 19.h4 Qb8 20.g5 hxg5 21.hxg5 Nh7 22.Qd3 d5 23.cxd5 Qxf4
24.dxe6 Ne5 25.Qe3 Qxe3 26.exf7+ Nxf7 27.Bxe3 Nhxg5 28.Bxb6 Ne5 29.Red1 Nc4
30.Bd4 Nxb2 31.Rd2 Red8 32.Be3 Rxd2 33.Bxd2 Bd4+ 34.Kh2 Nd3 35.Rb1 Rc7 36.Bxg5 Bxc3
37.Nf1 Ne1 38.Bf6 Bxf6 39.Rxe1 Rc2 40.Ne3 Be5+ 41.Kh1 Rxa2 42.Rd1 Ra1 43.Rxa1 Bxa1
44.Kg1 Kf7 45.Kf2 Bd4 46.Ke2 Bc6 47.Kd3 Bc5 48.Nc4 Bb5 49.e5 g5 50.Bd5+ Kg6
51.Ke4 Bb4 52.Nd6 Ba4 53.Bf7+ Kg7 54.Bc4 a5 55.Kf5 Bd2 56.Bd3 Bc6 57.Ne4 Bxe4+
58.Bxe4 Kh6 59.Bc6 Kh5 60.Ke4 Kg4 61.Bd7+ Kg3 62.e6 Bb4 63.Ke3 Be7 64.Bc6 Kh3
65.Kd4 Kg4 66.Kc4 Kf5 67.Kb5 Bb4 68.e7  1/2-1/2

[Event "TCh-POL Ekstraliga"]
[Site "Lubniewice POL"]
[Date "2005.09.05"]
[Round "3"]
[White "Markowski,T"]
[Black "Tazbir,M"]
[Result "1/2-1/2"]
[WhiteElo "2564"]
[BlackElo "2334"]

1.Nf3 Nf6 2.c4 e6 3.g3 b6 4.Bg2 Bb7 5.O-O c5 6.Nc3 d6 7.b3 Be7 8.Bb2 O-O
9.e3 Nbd7 10.d4 a6 11.a4 cxd4 12.Nxd4 Bxg2 13.Kxg2 Qc7 14.f4 Nc5 15.Qf3 Rad8
16.Rad1 e5 17.fxe5 dxe5 18.Nf5 Rxd1 19.Qxd1 Rd8 20.Nd5 Nxd5 21.cxd5 Bf8 22.b4 Ne4
23.Qd3 Nd6 24.Bxe5 Qc4 25.Qxc4 Nxc4  1/2-1/2

[Event "EYb18"]
[Site "Herceg Novi SCG"]
[Date "2005.09.15"]
[Round "2"]
[White "Pavlov,S2"]
[Black "Epure,C"]
[Result "1-0"]
[WhiteElo "2459"]
[BlackElo "2131"]

1.Nf3 Nf6 2.c4 e6 3.g3 b6 4.Bg2 Bb7 5.O-O c5 6.Nc3 Be7 7.Re1 O-O 8.e4 d6
9.d4 cxd4 10.Nxd4 Qc8 11.b3 a6 12.Bb2 Nc6 13.Rc1 Nd7 14.Nd5 exd5 15.cxd5 Nxd4
16.Rxc8 Raxc8 17.Bxd4 g5 18.Bh3  1-0

[Event "4th Kesarovski - Georgiev Memorial"]
[Site "Sunny Beach BUL"]
[Date "2005.09.21"]
[Round "6"]
[White "Nikolov,Sas"]
[Black "Arnaudov,G"]
[Result "1-0"]
[WhiteElo "2400"]
[BlackElo "2207"]

1.Nf3 Nf6 2.g3 b6 3.Bg2 Bb7 4.O-O c5 5.c4 e6 6.b3 Be7 7.Bb2 d6 8.Nc3 O-O
9.e3 Nbd7 10.d4 cxd4 11.exd4 Ne4 12.Ne2 Ndf6 13.Nf4 a6 14.Qe2 Qc7 15.Rac1 Rfe8
16.Rc2 Rac8 17.Rfc1 Qb8 18.Nd3 Qa8 19.Ba3 Nd7 20.h4 Bf6 21.Qe3 g6 22.Ng5 Nxg5
23.Bxb7 Nh3+ 24.Kh2 Qxb7 25.Bxd6 e5 26.dxe5 Nxe5 27.Bxe5 Bxe5 28.Nxe5 Qc7
29.Re1 f6 30.Kxh3 Rxe5 31.Qc3 Qc6 32.Kh2 Rc5 33.Rce2 Rf5 34.Kg1 b5 35.Qd4 bxc4
36.bxc4 Re5 37.Rxe5 fxe5 38.Rxe5 Qxc4 39.Re8+ Kf7 40.Qd7+  1-0

[Event "Belgrade Premier League"]
[Site "Belgrade SCG"]
[Date "2005.10.08"]
[Round "8"]
[White "Krnic,Z"]
[Black "Ostojic,N"]
[Result "1-0"]
[WhiteElo "2369"]
[BlackElo "2428"]

1.Nf3 Nf6 2.c4 b6 3.g3 c5 4.Bg2 Bb7 5.O-O e6 6.Nc3 Be7 7.Re1 d6 8.e4 a6 9.d4 cxd4
10.Nxd4 Qc7 11.Be3 O-O 12.Rc1 Re8 13.b3 Bf8 14.f4 Nfd7 15.Qd2 Nc6 16.Nde2 Rac8
17.g4 g6 18.g5 Nc5 19.Ng3 Qb8 20.Red1 Qa8 21.h4 Rcd8 22.Na4 b5 23.Nb6 Qa7
24.Nd5 exd5 25.cxd5 Qa8 26.b4 Na4 27.dxc6 Bxc6 28.Bd4 Rc8 29.h5 Bb7 30.hxg6 hxg6
31.Kf2 Rxc1 32.Rxc1 Rxe4 33.Nxe4 Bxe4 34.Bxe4 Qxe4 35.Qe3 Qd5 36.Rc2 Qf5
37.Re2 a5 38.a3 axb4 39.axb4 Qg4 40.Qf3 Qc8 41.Kg3 Qc4 42.Bf6 Qc8 43.Qg4 Qc1
44.Qh3 Qa3+ 45.Kg4 Qxh3+ 46.Kxh3 Bg7 47.Re8+ Kh7 48.Rd8 Nc3 49.Rxd6 Na2 50.Bxg7 Kxg7
51.Rd4 Nc3 52.Kg4 f5+ 53.Kf3 Kf7 54.Rd7+ Ke6 55.Rg7 Nd5 56.Rxg6+ Kd7 57.Rf6 Nxf6
58.gxf6 Ke6 59.Ke3 Kxf6 60.Kd4  1-0

[Event "Chigorin Mem"]
[Site "St Petersburg RUS"]
[Date "2005.10.15"]
[Round "1"]
[White "Kharitonov,E"]
[Black "Iljin,A"]
[Result "1/2-1/2"]
[WhiteElo "2217"]
[BlackElo "2515"]

1.Nf3 Nf6 2.c4 b6 3.g3 Bb7 4.Bg2 c5 5.O-O e6 6.Nc3 Be7 7.d4 cxd4 8.Qxd4 d6
9.Rd1 a6 10.b3 Nbd7 11.e4 O-O 12.Ba3 Nc5 13.e5 dxe5 14.Qxd8 Rfxd8 15.Nxe5 Bxg2
16.Kxg2 Rdc8 17.Na4 Rab8 18.Bxc5 bxc5 19.Rd3 Rb7 20.Rad1 Kf8 21.g4 Ke8 22.f4 Rcc7
23.Nc3 Ng8 24.Ne4 f6 25.Nf3 Nh6 26.h3 Nf7 27.Ng3 Rc6 28.h4 a5 29.f5 e5 30.Ne4 a4
31.Nfd2 Ra6 32.Rd5 axb3 33.axb3 Ra5 34.Rb1 Ra2 35.Kf3 Rd7 36.Ke3 Nd8 37.h5 h6
38.Nc3 Ra5 39.Rxd7 Kxd7 40.Rb2 Nc6 41.Ra2 Rxa2 42.Nxa2 Nd4 43.Nc3 Bd8 44.Nce4 Kc6
45.Kd3 Ba5 46.Nc3 Bb4 47.Nce4 Ba5  1/2-1/2

[Event "SCG First League m"]
[Site "Vrnjacka Banja SCG"]
[Date "2005.10.19"]
[Round "3"]
[White "Vojinovic,G"]
[Black "Popov,Si1"]
[Result "1/2-1/2"]
[WhiteElo "2463"]
[BlackElo "2476"]

1.Nf3 Nf6 2.c4 c5 3.g3 b6 4.Bg2 Bb7 5.O-O e6 6.Nc3 a6 7.d4 cxd4 8.Qxd4 d6
9.Rd1 Nbd7 10.Be3 Be7 11.Qd2 O-O 12.Bf4 Ne8 13.Rac1 Qc7 14.b3 Rd8 15.Qe3 Ndf6
16.Bh3 Ba8 17.Qd2 Qb7 18.Bg2 Nd7 19.Qc2 Qb8 20.Ng5 Ndf6 21.Bxa8 Qxa8 22.Nge4 Nh5
23.Bg5 f6 24.Be3 f5 25.Bg5 Qb7 26.Bxe7 Qxe7 27.Nd2 Nef6 28.Nf3 Ng4 29.Qd2 h6
30.Qd4 e5 31.Nd5 Qf7 32.Qd2 Kh8 33.e3 Nhf6 34.Nxf6 Qxf6 35.h3 e4 36.Nd4 Ne5
37.Qe2 Qg6 38.Kh2 Rf6 39.f4 exf3 40.Nxf3 Qh5 41.Kg2 Re8 42.Re1 Qf7 43.Nxe5 Rxe5
44.Qf3 Re4 45.Rcd1 Qe6 46.Rd3 f4 47.gxf4 Rfxf4 48.exf4 Rxe1 49.Rd2 Re3 50.Qg4 Qe4+
51.Kh2 Rf3 52.Rg2 Qxf4+ 53.Qxf4 Rxf4 54.Rd2 Rf6 55.Kg3 Kh7 56.Rd5 g5 57.a4  1/2-1/2

[Event "Chigorin Mem"]
[Site "St Petersburg RUS"]
[Date "2005.10.20"]
[Round "6"]
[White "Yevseev,D"]
[Black "Vlasenko,M"]
[Result "1-0"]
[WhiteElo "2554"]
[BlackElo "2406"]

1.Nf3 Nf6 2.c4 c5 3.g3 b6 4.Bg2 Bb7 5.O-O e6 6.Nc3 Be7 7.Re1 d6 8.e4 a6 9.d4 cxd4
10.Nxd4 Qc7 11.Be3 Nbd7 12.f4 Rc8 13.Rc1 Qb8 14.Qe2 O-O 15.f5 e5 16.Nb3 Qa8
17.Nd2 b5 18.Nd5 Bxd5 19.exd5 Qb8 20.cxb5 axb5 21.Rc6 Qa8 22.Rec1 Rb8 23.a3 Qa4
24.Rc7 Ra8 25.Qd1 Rfb8 26.Qxa4 bxa4 27.Nc4 Rb5 28.h3 Kf8 29.Rc2 Rd8 30.Ra7 Nxd5
31.Bd2 N5f6 32.Bb4 e4 33.Bxd6 Rc8 34.Bxe7+ Kxe7 35.Rxa4 Rc7 36.g4 Nb6 37.Ne3 Rxc2
38.Ra7+ Nbd7 39.Nxc2 Rxb2 40.Ne3 Re2 41.Nf1 e3 42.g5 Re1 43.gxf6+ gxf6 44.Bf3 Kd6
45.Ra6+ Ke7 46.Ra4 Nc5 47.Rc4 Kd6 48.Rd4+ Ke5 49.Rd5+ Kf4 50.Rxc5 e2 51.Bxe2 Rxe2
52.Rc4+ Kf3 53.Rc3+ Kf4 54.Ng3 Ra2 55.Kf1 Kg5 56.Rf3 Kh4 57.Ne4 Ra1+ 58.Ke2 Ra2+
59.Kd1 h5 60.Nxf6 Kg5 61.Nd5  1-0

[Event "SCG First League w"]
[Site "Vrnjacka Banja SCG"]
[Date "2005.10.20"]
[Round "4"]
[White "Vujic Katanic,B"]
[Black "Bojovic,J"]
[Result "1/2-1/2"]
[WhiteElo "2123"]
[BlackElo "1940"]

1.Nf3 c5 2.c4 b6 3.g3 Bb7 4.Bg2 Nf6 5.O-O e6 6.Nc3 a6 7.d4 cxd4 8.Qxd4 d6
9.Rd1 Qc7 10.Ng5 Bxg2 11.Kxg2 Nc6 12.Qf4 Ne5 13.Nce4 Qc6 14.Kg1 Nxe4 15.Qxe4 Qxe4
16.Nxe4 O-O-O 17.b3 Kc7 18.a4 Nc6 19.Ba3 Na5 20.Rd3 Be7 21.Rad1 Nb7 22.b4 Rd7
23.Kg2 Rhd8 24.Nc3 Kc8 25.Ne4 Kc7 26.Nc3 Kc8  1/2-1/2

[Event "Chigorin Mem"]
[Site "St Petersburg RUS"]
[Date "2005.10.23"]
[Round "9"]
[White "Rumiantsev,An"]
[Black "Turkin,V"]
[Result "0-1"]
[WhiteElo "2244"]
[BlackElo "2298"]

1.Nf3 Nf6 2.c4 b6 3.g3 Bb7 4.Bg2 e6 5.O-O c5 6.Nc3 Be7 7.d3 O-O 8.e4 d6 9.Ne1 Nc6
10.f4 Qc7 11.f5 Nd4 12.Nc2 exf5 13.Nxd4 cxd4 14.Nb5 Qd7 15.Rxf5 d5 16.cxd5 g6
17.Re5 Nxd5 18.exd5 Bf6 19.Re1 Qxb5 20.Qf3 Bg7 21.Re7 Ba6 22.d6 Rad8 23.Bf4 g5
24.a4 Qxb2  0-1

[Event "SCG First League w"]
[Site "Vrnjacka Banja SCG"]
[Date "2005.10.23"]
[Round "7"]
[White "Prudnikova,S"]
[Black "Urosevic,M"]
[Result "1-0"]
[WhiteElo "2362"]
[BlackElo "2075"]

1.Nf3 Nf6 2.c4 c5 3.g3 b6 4.Bg2 Bb7 5.O-O e6 6.Nc3 Be7 7.Re1 d6 8.e4 a6 9.d4 cxd4
10.Nxd4 Qc7 11.Be3 Nbd7 12.f4 O-O 13.Rc1 Rac8 14.b3 Nc5 15.Bf2 Rfd8 16.f5 exf5
17.Nxf5 Bf8 18.Bd4 Ncd7 19.g4 Ne5 20.g5 Nfd7 21.Re3 g6 22.Rh3 f6 23.Nh6+ Bxh6
24.gxh6 Nc5 25.Qe2 Ne6 26.Be3 Qe7 27.Rf1 Nc5 28.Bd4 Bc6 29.Re3 Rb8 30.Bh3 b5
31.Bxc5 dxc5 32.Nd5 Bxd5 33.exd5 Rd6 34.Be6+ Rxe6 35.dxe6 Qxe6 36.Rd1 bxc4
37.bxc4 Qf5 38.Qg2 Ng4 39.Rb3 Re8 40.Qd5+ Qxd5 41.cxd5 Nxh6 42.Rc3 Rd8 43.Rxc5 Rd6
44.Rc6 Nf7 45.Rxd6 Nxd6 46.Re1 Kf7 47.Re6 Nc4 48.Rxa6 h5 49.Ra7+ Ke8 50.a4 f5
51.a5 f4 52.a6  1-0

[Event "5th Rohde Open"]
[Site "Sautron FRA"]
[Date "2005.10.24"]
[Round "3"]
[White "Delaunay,S"]
[Black "Lesbros,B"]
[Result "0-1"]
[WhiteElo "2355"]
[BlackElo "2043"]

1.Nf3 c5 2.c4 Nf6 3.g3 b6 4.Bg2 Bb7 5.O-O e6 6.Nc3 a6 7.Re1 d6 8.e4 Nbd7
9.d4 cxd4 10.Nxd4 Qc7 11.Be3 Be7 12.Rc1 O-O 13.h3 Nc5 14.Qc2 Rad8 15.f4 g6
16.Nb3 d5 17.cxd5 exd5 18.e5 Nfe4 19.Nxe4 dxe4 20.Nxc5 Bxc5 21.Bxc5 bxc5
22.Re2 Rd3 23.Kh2 Qd7 24.Rce1 Qd4 25.Qc1 Rd8 26.Rc2 Rd7 27.Ree2 e3 28.Rc4 Rd2
29.Rc2 Bxg2  0-1

[Event "SCG First League w"]
[Site "Vrnjacka Banja SCG"]
[Date "2005.10.27"]
[Round "11"]
[White "Foisor,C"]
[Black "Maric,A"]
[Result "1/2-1/2"]
[WhiteElo "2409"]
[BlackElo "2420"]

1.Nf3 Nf6 2.g3 b6 3.Bg2 Bb7 4.c4 c5 5.O-O e6 6.Nc3 Be7 7.d4 cxd4 8.Qxd4 d6
9.b3 O-O 10.Bb2 a6 11.Rfd1 Nbd7 12.e3 Qc7 13.Qd2 Rad8 14.Qe2 Qb8 15.Nd4 Bxg2
16.Kxg2 Qb7+ 17.Qf3  1/2-1/2

[Event "ch-Elwood"]
[Site "Elwood AUS"]
[Date "2005.10.29"]
[Round "3"]
[White "Sandler,L"]
[Black "Pyke,M"]
[Result "1/2-1/2"]
[WhiteElo "2381"]
[BlackElo "2126"]

1.c4 Nf6 2.Nf3 c5 3.g3 b6 4.Bg2 Bb7 5.O-O e6 6.Nc3 Be7 7.Re1 d5 8.cxd5 exd5
9.d4 O-O 10.Bf4 Na6 11.Rc1 Nc7 12.Qa4 Ne6 13.Red1 c4 14.b3 Nxf4 15.gxf4 cxb3
16.Qxb3 Rc8 17.Ne5 Ne4 18.Nxe4 dxe4 19.Rxc8 Qxc8 20.d5 Bd6 21.Qe3 f5 22.Qb3 Ba6
23.e3 Re8 24.Nc6 Qd7 25.Bf1 Bb7 26.Nxa7 Qe7 27.Nb5 g6 28.Nd4 Rb8 29.Bb5 Qf6
30.Bd7 Ba6 31.Bb5 Bc8 32.Ne6 Qh4 33.Be2 Bd7 34.Rc1 Qe7 35.Bb5 Rc8 36.Rxc8+ Bxc8
37.Bc6 Bxe6 38.dxe6 Bc5 39.Qd5 Kg7 40.Bd7 Qd6 41.Qb3 Qe7 42.Kg2 Qh4 43.h3 Qf6
44.Qd5 Qb2 45.Qb3 Qxb3 46.axb3 Kf6 47.Kf1 Bb4 48.Ke2 h6 49.f3 exf3+ 50.Kxf3 g5
51.e4 fxe4+ 52.Kxe4 gxf4 53.Kxf4 Bd2+ 54.Ke4 Be1 55.Kd5 Ke7 56.Ke4  1/2-1/2